000
00325 a2200157 4500
001
186654
020
_a
85-86540-01-3
040
_c
Magnum
100
_a
Queirós, Campos Bartolomeu
240
1
0
_a
Raul luar
_l
por
245
1
0
_a
Raul luar
300
_a
34
362
0
_a
1997
697
_a
LITERATURA INFANTIL
942
_c
BK
999
_c
186654
_d
186654